New Zealand All Blacks Rugby - The Jerry Collins Quiz - Statistics

General Stats
  • This quiz has been taken 98 times
  • The average score is 10 of 15
Answer Stats
Question Answer % Correct
Province (NZ) Wellington
95%
Age on Test Debut 20
93%
Tests as Captain 3
90%
Super Team (NZ) Hurricanes
89%
Test Tries 5
85%
Year of debut 2001
82%
No. of All Black Tests 48
74%
Place of Birth Apia, Samoa
70%
Club (France) Toulon
70%
Club (Wales) Ospreys
63%
Club (NZ) Northern United
55%
High School St Patricks Wellington
49%
All Black Number 1002
45%
Club (France) Narbonne
41%
Club (Japan) Yamaha
23%
No matching quizzes found
Score Distribution
Percent of People with Each Score
Percentile by Number Answered
Your Score History
You have not taken this quiz